[Event "Madrid San Viator op-B 31st"]
[Site "Madrid"]
[Date "2019.10.27"]
[Round "7"]
[White "San Felipe Gonzalez, Tomas"]
[Black "Gregorio Guerrero, Ivan"]
[Result "0-1"]
[WhiteElo "1673"]
[BlackElo "1479"]
[PlyCount "86"]
[EventDate "2019.09.08"]
[EventType "swiss"]
[EventRounds "9"]
[EventCountry "ESP"]
[SourceTitle "EXT 2022"]
[Source "ChessBase"]
[SourceDate "2021.10.06"]
[SourceVersion "1"]
[SourceVersionDate "2021.10.06"]
[SourceQuality "1"]

1. d4 d5 2. c4 e6 3. Nf3 Nf6 4. a3 c6 5. cxd5 exd5 6. Nc3 Bg4 7. Qd3 Bd6 8. Bg5 Nbd7 9. e4 dxe4 10. Nxe4 Be7 11. Be2 0-0 12. Ned2 Re8 13. 0-0 h6 14. Bh4 Nh5 15. Bxe7 Qxe7 16. Bd1 Nf4 17. Qb3 Nf6 18. Ne5 Be6 19. Qc2 Rad8 20. Ndf3 Bd5 21. Qf5 Ne6 22. Bc2 Bxf3 23. Nxf3 Nxd4 24. Nxd4 Rxd4 25. h3 Rd5 26. Qf4 Qe5 27. Qc1 Rc5 28. b4 Rc3 29. Qd1 Qg5 30. Bb3 Rxh3 31. f3 Qe3+ 32. Rf2 Rh1+ 33. Kxh1 Qxf2 34. Bc4 Qh4+ 35. Kg1 Qxc4 36. Rc1 Qe2 37. Qxe2 Rxe2 38. Rc3 Nd5 39. Rd3 Re3 40. Rd4 Rxa3 41. b5 Rb3 42. bxc6 bxc6 43. Ra4 Rb7 0-1

[Event "Madrid San Viator op-B 31st"]
[Site "Madrid"]
[Date "2019.10.20"]
[Round "6"]
[White "Sanchez Rivero, Miguel"]
[Black "San Felipe Gonzalez, Tomas"]
[Result "1-0"]
[WhiteElo "1581"]
[BlackElo "1673"]
[PlyCount "47"]
[EventDate "2019.09.08"]
[EventType "swiss"]
[EventRounds "9"]
[EventCountry "ESP"]
[SourceTitle "EXT 2022"]
[Source "ChessBase"]
[SourceDate "2021.10.06"]
[SourceVersion "1"]
[SourceVersionDate "2021.10.06"]
[SourceQuality "1"]

1. e4 c5 2. f4 Nc6 3. Nf3 a6 4. a4 d6 5. Bc4 Nf6 6. Nc3 e6 7. d3 Be7 8. 0-0 Qc7 9. Qe2 0-0 10. h3 b6 11. g4 Nd7 12. f5 Nce5 13. Be3 exf5 14. Nxe5 Nxe5 15. Nd5 Qd8 16. gxf5 Bf6 17. c3 Re8 18. Qg2 Bd7 19. Nxf6+ Qxf6 20. Bg5 Nf3+ 21. Rxf3 Qe5 22. f6 Rab8 23. fxg7 b5 24. Bxf7+ 1-0

[Event "Madrid San Viator op-B 31st"]
[Site "Madrid"]
[Date "2019.09.29"]
[Round "3"]
[White "San Felipe Gonzalez, Tomas"]
[Black "Rey Martinez, Jaime"]
[Result "0-1"]
[WhiteElo "1673"]
[BlackElo "1564"]
[PlyCount "100"]
[EventDate "2019.09.08"]
[EventType "swiss"]
[EventRounds "9"]
[EventCountry "ESP"]
[SourceTitle "EXT 2022"]
[Source "ChessBase"]
[SourceDate "2021.10.06"]
[SourceVersion "1"]
[SourceVersionDate "2021.10.06"]
[SourceQuality "1"]

1. c4 c5 2. Nc3 Nc6 3. g3 g6 4. Bg2 Bg7 5. d3 Nf6 6. e4 e5 7. Nge2 d6 8. h3 Be6 9. 0-0 Qd7 10. Kh2 Ng8 11. f4 Nge7 12. Ng1 f5 13. Nf3 exf4 14. Bxf4 Bxc3 15. bxc3 fxe4 16. dxe4 Bxc4 17. Rf2 Rd8 18. Rd2 Nc8 19. Qg1 b6 20. Rad1 0-0 21. h4 Be6 22. Qe3 Bg4 23. Re1 Qe8 24. Bh6 Rf7 25. Ng5 Re7 26. Qf4 Ne5 27. Bf1 Qc6 28. Rb1 c4 29. Rd4 Qc7 30. Bxc4+ Nxc4 31. Qxg4 Ne5 32. Qd1 Qxc3 33. Rb3 Qc7 34. Nh3 Rf7 35. Rb2 Nf3+ 36. Kg2 Nxd4 37. Qxd4 Qc5 38. Qd2 Qh5 39. Bf4 Qg4 40. Ng5 Rf6 41. Qd5+ Kg7 42. Qb7+ Qd7 43. Qd5 h6 44. Nf3 Qg4 45. Qd2 Rdf8 46. Bxh6+ Kg8 47. Nh2 Qxe4+ 48. Kg1 Re8 49. Nf1 Qf3 50. Rb1 Re2 0-1

[Event "Madrid San Viator op-B 30th"]
[Site "Madrid"]
[Date "2018.06.10"]
[Round "9"]
[White "Bermejo Sevillano, Alberto"]
[Black "San Felipe Gonzalez, Tomas"]
[Result "0-1"]
[WhiteElo "1516"]
[BlackElo "1731"]
[PlyCount "108"]
[EventDate "2018.04.08"]
[EventType "swiss"]
[EventRounds "9"]
[EventCountry "ESP"]
[SourceTitle "EXT 2019"]
[Source "ChessBase"]
[SourceDate "2018.10.10"]
[SourceVersion "1"]
[SourceVersionDate "2018.10.10"]
[SourceQuality "1"]

1. d4 Nf6 2. Nf3 e6 3. Bg5 d5 4. c4 c6 5. Bxf6 Qxf6 6. g3 Bb4+ 7. Nc3 0-0 8. cxd5 exd5 9. Bg2 Re8 10. 0-0 Nd7 11. Qc2 Bd6 12. Bh3 Nf8 13. Bg2 Bf5 14. Qd2 Re7 15. Nh4 Bg4 16. f3 Bh5 17. e4 Bb4 18. Bh3 Rc7 19. Rac1 Qd8 20. a3 Ba5 21. b4 Bb6 22. Na4 Ne6 23. Nxb6 axb6 24. Qb2 dxe4 25. Bxe6 fxe6 26. fxe4 Rd7 27. Qb3 Bf7 28. Qf3 Qe8 29. Qe3 b5 30. Qg5 Rxd4 31. Qe5 Qd7 32. Nf3 Rd3 33. Qg5 Qd8 34. Qg4 Raxa3 35. Ng5 Rd7 36. e5 Re7 37. Qh4 Bg6 38. Nxe6 Qb6+ 39. Nc5 Rxe5 40. Qf4 Re8 41. Rcd1 Raa8 42. Qc1 Rad8 43. Qb2 Qc7 44. Rxd8 Qxd8 45. Qb3+ Kh8 46. Nxb7 Qd4+ 47. Kg2 Be4+ 48. Kh3 Qd7+ 49. g4 Qxb7 50. Re1 Bg2+ 51. Kxg2 Rxe1 52. Qd3 Re8 53. Qd6 c5+ 54. Kh3 c4 0-1

[Event "Madrid San Viator op-B 29th"]
[Site "Madrid"]
[Date "2017.11.05"]
[Round "8"]
[White "San Felipe Gonzalez, Tomas"]
[Black "Castro Uceda, Jose Antonio"]
[Result "0-1"]
[WhiteElo "1689"]
[BlackElo "1636"]
[PlyCount "110"]
[EventDate "2017.09.17"]
[EventType "swiss"]
[EventRounds "9"]
[EventCountry "ESP"]
[SourceTitle "EXT 2019"]
[Source "ChessBase"]
[SourceDate "2018.10.10"]
[SourceVersion "1"]
[SourceVersionDate "2018.10.10"]
[SourceQuality "1"]

1. Nf3 Nf6 2. g3 g6 3. b3 Bg7 4. Bb2 0-0 5. Bg2 d6 6. d3 c6 7. 0-0 Nd5 8. Bxg7 Kxg7 9. c4 Nf6 10. Qd2 e5 11. Qc3 Re8 12. Nbd2 Bf5 13. Rfd1 Qe7 14. Nh4 Qe6 15. Nxf5+ Qxf5 16. Qb4 Qd7 17. Nf3 Na6 18. Qc3 Qe6 19. a3 d5 20. Ng5 Qf5 21. h4 Qd7 22. d4 e4 23. e3 h6 24. Nh3 Qf5 25. Qb2 g5 26. hxg5 hxg5 27. Qe2 Rh8 28. Qf1 Rh7 29. cxd5 Nxd5 30. Bxe4 Qxe4 31. f3 Qxe3+ 32. Kg2 Rah8 33. Rd3 Qe6 34. Nxg5 Rh2+ 35. Kg1 Rh1+ 36. Kf2 Rxf1+ 37. Rxf1 Rh2+ 38. Kg1 Qh6 39. f4 Rh1+ 40. Kf2 Qh2+ 41. Ke1 Rxf1+ 42. Kxf1 Qc2 43. Rf3 Nc3 44. Rf2 Qxb3 45. Rh2 Qd1+ 46. Kg2 Qxd4 47. Rh7+ Kg6 48. Rxf7 Qd5+ 49. Kh3 Qxf7 50. Nxf7 Kxf7 51. g4 c5 52. g5 Kg6 53. Kg4 Ne4 54. f5+ Kg7 55. Kf4 Nxg5 0-1

[Event "Madrid San Viator op-B 28th"]
[Site "Madrid"]
[Date "2017.04.02"]
[Round "2"]
[White "San Felipe Gonzalez, Tomas"]
[Black "Martin Rodriguez, Jose Luis"]
[Result "1-0"]
[WhiteElo "1691"]
[BlackElo "1320"]
[PlyCount "81"]
[EventDate "2017.03.26"]
[EventType "swiss"]
[EventRounds "9"]
[EventCountry "ESP"]
[SourceTitle "EXT 2019"]
[Source "ChessBase"]
[SourceDate "2018.10.10"]
[SourceVersion "1"]
[SourceVersionDate "2018.10.10"]
[SourceQuality "1"]

1. d4 Nf6 2. c4 e6 3. Nf3 Bb4+ 4. Bd2 Qe7 5. Nc3 d5 6. e3 c5 7. a3 Bxc3 8. bxc3 Ne4 9. Bd3 Nxd2 10. Qxd2 dxc4 11. Bxc4 0-0 12. 0-0 b6 13. Rfb1 Bb7 14. Qe2 Nd7 15. Rb2 Nf6 16. a4 Ne4 17. Rb3 Qf6 18. Ne5 Qg5 19. f3 Nd6 20. f4 Qe7 21. Bd3 f6 22. Nf3 Bxf3 23. gxf3 Rac8 24. Rb2 c4 25. Bc2 Qc7 26. Qg2 Nf5 27. Qh3 g6 28. Kf2 Qe7 29. Rb4 Rf7 30. Be4 Nd6 31. Bc2 f5 32. Rg1 Rg7 33. Rbb1 g5 34. fxg5 Rxg5 35. Rxg5+ Qxg5 36. Rg1 Qxg1+ 37. Kxg1 Rc7 38. Kf2 Rg7 39. Qh4 Nf7 40. Qe7 Ng5 41. Qe8# 1-0

[Event "Madrid San Viator op-B 27th"]
[Site "Madrid"]
[Date "2016.10.23"]
[Round "6"]
[White "Cabello Rodriguez, Raul"]
[Black "San Felipe Gonzalez, Tomas"]
[Result "1/2-1/2"]
[WhiteElo "1571"]
[BlackElo "1712"]
[PlyCount "117"]
[EventDate "2016.09.25"]
[EventType "swiss"]
[EventRounds "9"]
[EventCountry "ESP"]
[SourceTitle "EXT 2019"]
[Source "ChessBase"]
[SourceDate "2018.10.10"]
[SourceVersion "1"]
[SourceVersionDate "2018.10.10"]
[SourceQuality "1"]

1. e4 c5 2. Nf3 Nc6 3. c3 Nf6 4. d3 d6 5. g3 Bg4 6. Bg2 Qd7 7. 0-0 g6 8. Nbd2 Bg7 9. b3 0-0 10. Qc2 Rac8 11. Bb2 Rfd8 12. Rfe1 b5 13. h4 Bh3 14. Nf1 Bxg2 15. Kxg2 Nh5 16. Ne3 a5 17. a3 Ne5 18. Qe2 e6 19. d4 Nxf3 20. Qxf3 cxd4 21. cxd4 Rc7 22. Rac1 Rdc8 23. Rxc7 Rxc7 24. Re2 Nf6 25. d5 exd5 26. Rc2 Rxc2 27. Nxc2 Qc7 28. Qd3 Qb6 29. f3 Nd7 30. b4 a4 31. Qc3 Qb8 32. Qc6 Nf6 33. Bc1 Bf8 34. g4 Ne8 35. Ne3 Be7 36. Kg3 Nc7 37. Nd1 Qa7 38. Be3 Qb8 39. Nc3 Qd8 40. g5 f6 41. Kf2 Ne8 42. Nxb5 fxg5 43. Bxg5 Kf7 44. Bxe7 Qxe7 45. Kg3 Qf6 46. Qd7+ Kf8 47. Qg4 Ng7 48. Kf2 Nh5 49. Qg5 Qf7 50. Nxd6 Qa7+ 51. Qe3 Qd7 52. Qh6+ Kg8 53. Nf5 Nf4 54. Ne3 Qb5 55. Kg3 Qe2 56. Qg5 Qe1+ 57. Kh2 Qxe3 58. Qd8+ Kg7 59. Qe7+ 1/2-1/2

[Event "Madrid San Viator op-B 27th"]
[Site "Madrid"]
[Date "2016.09.25"]
[Round "1"]
[White "San Felipe Gonzalez, Tomas"]
[Black "Lopez Herrero, Israel"]
[Result "1-0"]
[WhiteElo "1712"]
[BlackElo "1340"]
[PlyCount "87"]
[EventDate "2016.09.25"]
[EventType "swiss"]
[EventRounds "9"]
[EventCountry "ESP"]
[SourceTitle "EXT 2017"]
[Source "ChessBase"]
[SourceDate "2016.10.25"]
[SourceVersion "1"]
[SourceVersionDate "2016.10.25"]
[SourceQuality "1"]

1. d4 d5 2. c4 dxc4 3. e3 Nc6 4. Bxc4 e5 5. d5 Na5 6. Qa4+ c6 7. dxc6 Nxc6 8. Nf3 Bd7 9. Qb3 Bb4+ 10. Bd2 Bxd2+ 11. Nbxd2 Be6 12. Bxe6 fxe6 13. Qxe6+ Qe7 14. Qxe7+ Ngxe7 15. Nc4 Ng6 16. b3 0-0-0 17. Ke2 e4 18. Ng5 b5 19. Nd2 Nh4 20. Nf7 Rhe8 21. Nxd8 Kxd8 22. Rac1 Nb4 23. a3 Na2 24. Rc2 b4 25. Rxa2 Nxg2 26. Rg1 Nh4 27. Rxg7 Rh8 28. Rxa7 Re8 29. Ra8+ Kd7 30. axb4 Re6 31. R2a7+ Kd6 32. Ra6+ Kd5 33. Rd8+ Ke5 34. Nc4+ Kf6 35. Rxe6+ Kxe6 36. b5 Nf5 37. b6 Ne7 38. b7 Nc6 39. Rd6+ Ke7 40. Rxc6 Kd7 41. Ne5+ Ke7 42. b8Q h5 43. Qb7+ Kd8 44. Rc8# 1-0

[Event "Madrid San Viator op-B 26th"]
[Site "Madrid"]
[Date "2016.04.03"]
[Round "1"]
[White "San Felipe Gonzalez, Tomas"]
[Black "Suarez Arellano, Jorge"]
[Result "0-1"]
[WhiteElo "1723"]
[BlackElo "1498"]
[PlyCount "74"]
[EventDate "2016.04.03"]
[EventType "swiss"]
[EventRounds "9"]
[EventCountry "ESP"]
[SourceTitle "EXT 2017"]
[Source "ChessBase"]
[SourceDate "2016.10.25"]
[SourceVersion "1"]
[SourceVersionDate "2016.10.25"]
[SourceQuality "1"]

1. d4 Nf6 2. Nf3 g6 3. Bg5 Ne4 4. Bf4 Bg7 5. e3 d6 6. Bd3 Nf6 7. Nc3 0-0 8. h3 Nc6 9. 0-0 Nh5 10. Bg5 h6 11. Bh4 Nf6 12. a3 Nh7 13. Bg3 f5 14. Re1 e5 15. dxe5 dxe5 16. e4 f4 17. Bh2 Be6 18. Nd2 Nd4 19. f3 Qg5 20. Kh1 Nf6 21. Bc4 Bxc4 22. Nxc4 b5 23. Nd2 Rad8 24. Qc1 Qh4 25. Bg1 c6 26. Ne2 Nh5 27. Nf1 Nxf3 28. gxf3 Qxh3+ 29. Nh2 Ng3+ 30. Nxg3 fxg3 31. Re2 gxh2 32. Bxa7 Qxf3+ 33. Rg2 Qxe4 34. c3 Rf5 35. Bc5 Rd3 36. Kxh2 Qh4+ 37. Kg1 Rh3 0-1

[Event "Madrid San Viator op 24th"]
[Site "Madrid"]
[Date "2015.05.24"]
[Round "8"]
[White "Martin Rodriguez, Jose Luis"]
[Black "San Felipe Gonzalez, Tomas"]
[Result "0-1"]
[WhiteElo "1467"]
[BlackElo "1724"]
[PlyCount "71"]
[EventDate "2015.03.22"]
[EventType "swiss"]
[EventRounds "9"]
[EventCountry "ESP"]
[SourceTitle "EXT 2016"]
[Source "ChessBase"]
[SourceDate "2015.10.08"]
[SourceVersion "1"]
[SourceVersionDate "2015.10.08"]
[SourceQuality "1"]

1. e4 c5 2. Nf3 Nc6 3. d4 cxd4 4. Nxd4 g6 5. Nc3 Bg7 6. Be3 Nf6 7. Qd2 a6 8. Be2 d5 9. Nxc6 bxc6 10. 0-0-0 Be6 11. f3 0-0 12. Bh6 Qa5 13. Bxg7 Kxg7 14. Qd4 Rfd8 15. Qe5 Kg8 16. Bc4 Nd7 17. Qg3 dxc4 18. f4 Kh8 19. h4 Qh5 20. Rdg1 Nf6 21. Qg5 Rd4 22. f5 gxf5 23. exf5 Bxf5 24. Re1 Qxg5+ 25. hxg5 Ne4 26. Rh6 Nxc3 27. bxc3 Rd6 28. Rh4 e6 29. Reh1 Bg6 30. Rxc4 Rd5 31. Rxc6 Rxg5 32. Rd1 Rxg2 33. Rd7 Rxc2+ 34. Kd1 Rxa2 35. Rb6 Rc8 36. Rb3 0-1

[Event "Madrid San Viator op 24th"]
[Site "Madrid"]
[Date "2015.03.22"]
[Round "1"]
[White "San Felipe Gonzalez, Tomas"]
[Black "Gueler Berdasco, Martin"]
[Result "1-0"]
[WhiteElo "1724"]
[BlackElo "1917"]
[PlyCount "105"]
[EventDate "2015.03.22"]
[EventType "swiss"]
[EventRounds "9"]
[EventCountry "ESP"]
[SourceTitle "EXT 2016"]
[Source "ChessBase"]
[SourceDate "2015.10.08"]
[SourceVersion "1"]
[SourceVersionDate "2015.10.08"]
[SourceQuality "1"]

1. d4 Nf6 2. c4 g6 3. Nc3 Bg7 4. e4 d6 5. f3 0-0 6. Be3 e5 7. d5 Nh5 8. Bd3 f5 9. exf5 gxf5 10. Nge2 e4 11. fxe4 f4 12. Bf2 f3 13. gxf3 Rxf3 14. Nd4 Rxf2 15. Kxf2 Bxd4+ 16. Ke1 Qg5 17. Be2 Be3 18. Bxh5 Qh4+ 19. Ke2 Qf2+ 20. Kd3 Na6 21. Ne2 Nc5+ 22. Kc2 Bf5 23. Qg1+ Kh8 24. Qxf2 Bxe4+ 25. Kc3 Bxf2 26. Rhf1 Be3 27. Rf7 Rg8 28. Ng3 Bg2 29. Re1 Bg5 30. b4 Na6 31. Re2 Bh3 32. Ref2 Bh6 33. Nf5 Bf8 34. Ne7 Bxe7 35. Rxe7 Rg5 36. Rf8+ Rg8 37. Rxg8+ Kxg8 38. Re8+ Kg7 39. Ra8 Kh6 40. Be8 c5 41. dxc6 bxc6 42. Bxc6 Nc7 43. Rxa7 Ne6 44. Be4 Ng5 45. Bd5 Bf5 46. Ra6 Be4 47. Rxd6+ Kg7 48. Rd7+ Kf6 49. Bxe4 Nxe4+ 50. Kd4 Ng5 51. c5 Ke6 52. Rg7 Kf6 53. Rxg5 1-0